Central Library OPAC University of Rajshahi

A reader's handbook to Proust : (Record no. 86525)

MARC details
000 -LEADER
fixed length control field 00842nam a2200265u 4500
001 - CONTROL NUMBER
control field 86525
003 - CONTROL NUMBER IDENTIFIER
rucl marc code BD-RjUL
005 - DATE AND TIME OF LATEST TRANSACTION
control field 20260521110448.0
008 - FIXED-LENGTH DATA ELEMENTS--GENERAL INFORMATION
fixed length control field 260521r19751952enk 001 0ceng d
020 ## - INTERNATIONAL STANDARD BOOK NUMBER
International Standard Book Number 0904000052
035 ## - SYSTEM CONTROL NUMBER
System control number (BD-RjUL)86525
040 ## - CATALOGING SOURCE
Original cataloging agency DLC
Transcribing agency CarP
Modifying agency DLC
-- BD-RjUL
Language of cataloging eng
041 ## - LANGUAGE CODE
Language code of text/sound track or separate title eng
082 00 - DEWEY DECIMAL CLASSIFICATION NUMBER
Edition number 20
Classification number 843.9
Author mark and year REA 1975
245 12 - TITLE STATEMENT
Title A reader's handbook to Proust :
Remainder of title an index guide to Remembrance of things past /
Statement of responsibility, etc. Compiled by P. A. Spalding.
250 ## - EDITION STATEMENT
Edition statement Revised ed. /
Remainder of edition statement [by] R. H. Cortie.
260 ## - PUBLICATION, DISTRIBUTION, ETC. (IMPRINT)
Place of publication, distribution, etc. London :
Name of publisher, distributor, etc. George Prior Publishers,
Date of publication, distribution, etc. 1975
300 ## - PHYSICAL DESCRIPTION
Pagination xii, 303 p. ;
Size 19 cm.
504 ## - BIBLIOGRAPHY, ETC. NOTE
Bibliography, etc Includes index.
600 10 - SUBJECT ADDED ENTRY--PERSONAL NAME
Personal name Proust, Marcel,
Dates associated with a name 1871-1922.
Personal name Proust, Marcel,
Dates associated with a name 1871-1922
700 1# - ADDED ENTRY--PERSONAL NAME
Personal name Spalding, P. A. ,
Personal name Cortie, R. H.
942 ## - ADDED ENTRY ELEMENTS (KOHA)
Source of classification or shelving scheme Dewey Decimal Classification
Koha item type Books
Holdings
Lost status Source of classification or shelving scheme Damaged status Not for loan Collection code Permanent Location Current Location Shelving location Date acquired Source of acquisition Cost, normal purchase price Total Checkouts Full call number Date last seen Copy number Koha item type
  Dewey Decimal Classification   Not For Loan Fiction Central Library, University of Rajshahi Central Library, University of Rajshahi Reading Room 03/03/1980 Hoffers 3.50   843.9 REA 1975 21/05/2026 C-1 Books